000 01162nac a22003131i 4500
003 EG-ScBUE
005 20241111094201.0
008 241111t1996 nyua f 001 0 eng d
020 _a0471041947 (acid-free paper)
020 _a9780471041948
040 _aEG-ScBUE
_beng
_erda
_cEG-ScBUE
_dEG-ScBUE
082 0 4 _a519.5
_bJOH
_222
100 1 _aJohnson, Richard Arnol,
_eauthor.
245 1 0 _aStatistics :
_bprinciples and methods /
_cRichard A. Johnson, Gouri K. Bhattacharyya, University of Wisconsin of Madison.
250 _aThird edition.
264 1 _aNew York :
_bJohn Wiley and Sons, Inc.,
_c[1996]
264 4 _cc1996
300 _axv, 720 pages :
_billustrations ;
_c24 cm
336 _2rdacontent
_atext
_btxt
337 _aunmediated
_2rdamedia
_bn
338 _avolume
_bnc
_2rdacarrier
500 _aIncludes index.
650 7 _aStatistics.
_2BUEsh
655 _vReading book
700 1 _aBhattacharyya, Gouri K.,
_d1940-
_eauthor.
856 4 _3Table of Contents
_uhttp://www.loc.gov/catdir/toc/onix05/95039204.html
856 4 _3Publisher description
_uhttp://www.loc.gov/catdir/enhancements/fy0706/95039204-d.html
942 _cBB
_2ddc
999 _c9616
_d9616